1460 1663 1563 1274 1608 1708 1493 1087 1878 1989 1706 1886 1627 1173 1086 1829 1693 1617 1539 1986 1909 1438 1503 1273 1102 1401 1570 1999 1959 1459 1200 1591 1778 1147 1098 1465 1828 1408 1429 1711 1942 1339 1400 1709 1511 1403 1456 1604 1201 1552 1885 1307 1921 1042 1396 1881 1866 1851 1558 1625 1728 1781 1021 1418 1135 1522 1987 1733 1544 1256 1528 1279 1356 1660 1689 1984 1312 1601 1148 1555 1989 1304 1907 1882 1811 1391 1273 1734 1800 1544 1678 1906 1292 1323 1525 1724 1955 1488 1063 BCNSPRNW ULIB Ver.6.0+V

เปลี่ยนเป็นภาษาไทย

Change to English
 แสดงรายละเอียดบรรณานุกรม
  กลับหน้าหลัก

Brief Record : Get Marc (ISO 2709) : E-mail record : QR code < ปิดหน้าต่าง
LEADER : 00000nam 2200000uu 4500
001    13399113965
003     ULIB
008    120118s2552||||th 000 0 tha d
020    ^a9789742129026
090    ^aนว.^bอ463ล
100 0  ^aJane Austen
245 00 ^aPride and Prejudice/^cJane Austen
250    ^aพิมพ์ครั้งที่ 1
260    ^aกรุงเทพฯ :^bพิมพ์คำ,^c2552
300    ^a144 หน้า
710 1  ^aซีเอ็ดยูเคชั่น จำกัด
945    ^p125^l0^i18667
995    ^aกัณชพร
999    ^aใช้งานได้ทุกระบบ
รายการนี้ยังไม่มีแท็ก
คุณยังไม่ได้ล็อกอิน คุณสามารถมีกิจกรรมร่วมกับเว็บไซต์ได้ แต่ต้องล็อกอินก่อน ::
  ล็อกอิน

รายการสื่อสารสนเทศ

ลำดับที่ ประเภท เลขเรียก/บาร์โค้ด สถานที่ สถานะ
1. นวนิยาย
นวนิยาย
นว. อ463ล  
  Barcode: 18667
ห้องสมุดวิทยาเขตสวรรค์ประชารักษ์
►นวนิยาย
บนชั้น
  ขอยืม

BibComment


ยังไม่เคยถูกคอมเมนท์

คอมเมนท์ทรัพยากรรายการนี้
  คอมเมนท์: Pride and Prejud..


 Copyright 2026. Bcnsprnw @Library